[Event "33rd Leon Blitz Open 2020"]
[Site "chess.com INT"]
[Date "2020.07.14"]
[Round "4"]
[White "Ajay, Karthikeyan"]
[Black "Boyer, Mahel"]
[Result "1/2-1/2"]
[WhiteTitle "FM"]
[BlackTitle "FM"]
[WhiteElo "2315"]
[BlackElo "2294"]
[WhiteFideId "35011685"]
[BlackFideId "45102422"]
[EventDate "2020.07.14"]
[EventType "blitz"]

1. d4 e5 2. dxe5 Nc6 3. Nf3 d6 4. Bg5 Qd7 5. Nc3 dxe5 6. e3 Bb4 7. Bb5 f6 8. Bh4
Qxd1+ 9. Rxd1 Bd7 10. O-O Bxc3 11. bxc3 O-O-O 12. Bxc6 Bxc6 13. Nxe5 Rxd1 14.
Rxd1 Be8 15. h3 Nh6 16. Nf3 Bg6 17. Rd2 Rd8 18. Rxd8+ Kxd8 19. Nd4 Nf5 1/2-1/2

[Event "33rd Leon Blitz Open 2020"]
[Site "chess.com INT"]
[Date "2020.07.14"]
[Round "4"]
[White "Hejazipour, Mitra"]
[Black "Tregubov, Pavel V."]
[Result "0-1"]
[WhiteTitle "WGM"]
[BlackTitle "GM"]
[WhiteElo "2300"]
[BlackElo "2560"]
[WhiteFideId "12505951"]
[BlackFideId "4115341"]
[EventDate "2020.07.14"]
[EventType "blitz"]

1. Nf3 c5 2. b3 Nc6 3. Bb2 d6 4. e4 Nf6 5. Nc3 a6 6. Be2 e6 7. O-O Be7 8. d4
cxd4 9. Nxd4 O-O 10. a4 Qc7 11. Nxc6 bxc6 12. Qd2 Bb7 13. Rfe1 c5 14. Bd3 d5 15.
exd5 exd5 16. h3 Rfe8 17. Ne2 c4 18. bxc4 dxc4 19. Qc3 Qc6 20. Nf4 cxd3 21. Qxd3
Bd6 0-1

[Event "33rd Leon Blitz Open 2020"]
[Site "chess.com INT"]
[Date "2020.07.14"]
[Round "4"]
[White "Vovk, Orest"]
[Black "Calzetta Ruiz, Monica"]
[Result "1-0"]
[WhiteTitle "FM"]
[BlackTitle "WGM"]
[WhiteElo "2315"]
[BlackElo "2302"]
[WhiteFideId "14113490"]
[BlackFideId "2204185"]
[EventDate "2020.07.14"]
[EventType "blitz"]

1. h4 e5 2. h5 d5 3. h6 Nxh6 4. d4 Nc6 5. Bxh6 gxh6 6. dxe5 Nxe5 7. Nf3 Nxf3+ 8.
exf3 Bf5 9. Bd3 Qd7 10. Rh5 Qe6+ 11. Kf1 Bxd3+ 12. Qxd3 O-O-O 13. Nc3 Bg7 14.
Re1 Qg6 15. Rxd5 Rxd5 16. Qxd5 Rd8 17. Qc4 Qxc2 18. Qg4+ Kb8 19. Qxg7 Qxb2 20.
Qd4 1-0

[Event "33rd Leon Blitz Open 2020"]
[Site "chess.com INT"]
[Date "2020.07.14"]
[Round "4"]
[White "Gabriel, Robert"]
[Black "Savanovic, Aleksandar"]
[Result "1/2-1/2"]
[WhiteTitle "FM"]
[BlackTitle "IM"]
[WhiteElo "2236"]
[BlackElo "2410"]
[WhiteFideId "4606477"]
[BlackFideId "914932"]
[EventDate "2020.07.14"]
[EventType "blitz"]

1. d4 d5 2. Nf3 Nf6 3. c4 c6 4. e3 Bf5 5. Bd3 Bxd3 6. Qxd3 e6 7. O-O Nbd7 8. Nc3
Bd6 9. Rd1 O-O 10. e4 dxe4 11. Nxe4 Nxe4 12. Qxe4 h6 13. h3 Qa5 14. Bf4 Bxf4 15.
Qxf4 Rad8 16. b3 Rfe8 17. a4 Qb4 18. Qe3 Qb6 19. a5 Qc7 1/2-1/2

[Event "33rd Leon Blitz Open 2020"]
[Site "chess.com INT"]
[Date "2020.07.14"]
[Round "4"]
[White "Khumalo, Keith"]
[Black "Lazavik, Denis"]
[Result "0-1"]
[WhiteTitle "CM"]
[BlackTitle "FM"]
[WhiteElo "2117"]
[BlackElo "2424"]
[WhiteFideId "14319470"]
[BlackFideId "13515110"]
[EventDate "2020.07.14"]
[EventType "blitz"]

1. d4 d5 2. c4 c6 3. Nf3 Nf6 4. Qc2 g6 5. e3 Bg7 6. Bd3 O-O 7. Nbd2 c5 8. dxc5
Na6 9. a3 Nxc5 10. cxd5 Nxd3+ 11. Qxd3 Qxd5 12. Qe2 Bf5 13. Qc4 Qxc4 14. Nxc4
Rac8 15. Na5 Be4 16. Nb3 Nd7 17. Nbd2 Bxf3 18. Nxf3 Nc5 19. Rb1 Nb3 20. Ke2 Rfd8
21. Rd1 Rc2+ 22. Nd2 Bxb2 23. Rxb2 Nxc1+ 24. Rxc1 Rdxd2+ 0-1

[Event "33rd Leon Blitz Open 2020"]
[Site "chess.com INT"]
[Date "2020.07.14"]
[Round "4"]
[White "Sliwicka, Alicja"]
[Black "Salinas Herrera, Pablo"]
[Result "0-1"]
[WhiteTitle "WIM"]
[BlackTitle "GM"]
[WhiteElo "2317"]
[BlackElo "2514"]
[WhiteFideId "1150677"]
[BlackFideId "3407128"]
[EventDate "2020.07.14"]
[EventType "blitz"]

1. e4 c5 2. Nf3 d6 3. d4 cxd4 4. Nxd4 Nf6 5. Nc3 a6 6. Nb3 e6 7. g4 h6 8. h4 Nc6
9. Bg2 Nd7 10. Be3 Qc7 11. Qe2 b5 12. O-O-O Bb7 13. f4 Be7 14. Kb1 Nb6 15. g5
hxg5 16. hxg5 O-O-O 17. f5 Nc4 18. fxe6 fxe6 19. Bh3 Rxh3 20. Rxh3 N6e5 21. Rh7
Bf8 22. Nd4 Qf7 23. Qh5 Qxh5 24. Rxh5 Nxe3 25. Re1 Ng2 26. Rf1 Ne3 27. Re1 N3c4
28. Nxe6 Re8 29. Nf4 Nf3 30. Rd1 Nfd2+ 31. Kc1 Nxe4 32. Ng6 Nxc3 33. bxc3 Be4
34. Nh4 d5 35. Rh8 Ba3+ 0-1

[Event "33rd Leon Blitz Open 2020"]
[Site "chess.com INT"]
[Date "2020.07.14"]
[Round "4"]
[White "Jakubowski, Krzysztof"]
[Black "Holt, Conrad"]
[Result "0-1"]
[WhiteTitle "GM"]
[BlackTitle "GM"]
[WhiteElo "2481"]
[BlackElo "2549"]
[WhiteFideId "1112848"]
[BlackFideId "2034387"]
[EventDate "2020.07.14"]
[EventType "blitz"]

1. e4 e6 2. d4 d5 3. Nc3 Nf6 4. exd5 exd5 5. Bf4 Bb4 6. Bd3 O-O 7. Ne2 c5 8. O-O
c4 9. Nb5 cxd3 10. Qxd3 Na6 11. a3 Be7 12. Ng3 Be6 13. Rfe1 Qd7 14. c3 Rfe8 15.
a4 Bf8 16. h3 Qc6 17. b3 Bd7 18. Re5 Rxe5 19. dxe5 Ne4 20. b4 Nxg3 21. Bxg3 Qc4
22. Qxc4 dxc4 23. Rd1 Bxb5 24. axb5 Nc7 25. Rd7 Nxb5 26. Rxb7 Nxc3 27. e6 Ne2+
28. Kh2 fxe6 29. Be5 c3 30. Rc7 Rd8 31. Rxa7 c2 0-1

[Event "33rd Leon Blitz Open 2020"]
[Site "chess.com INT"]
[Date "2020.07.14"]
[Round "4"]
[White "Gimenez Aguirre, Alejo Ismael"]
[Black "Bartel, Mateusz"]
[Result "1-0"]
[WhiteTitle "IM"]
[BlackTitle "GM"]
[WhiteElo "2265"]
[BlackElo "2648"]
[WhiteFideId "32041667"]
[BlackFideId "1112635"]
[EventDate "2020.07.14"]
[EventType "blitz"]

1. e4 e6 2. d4 d5 3. Nd2 Be7 4. Ngf3 Nf6 5. e5 Nfd7 6. c3 c5 7. a3 Nc6 8. b4 c4
9. h4 f6 10. exf6 Bxf6 11. Ng5 e5 12. Ne6 Qb6 13. Bxc4 Ne7 14. Qg4 dxc4 15. Nxc4
Qc6 16. d5 Nxd5 17. b5 h5 18. Qg6+ Ke7 19. bxc6 Kxe6 20. cxd7 Bxd7 21. Bg5 Rac8
22. Ne3 Nxc3 23. Rc1 1-0

[Event "33rd Leon Blitz Open 2020"]
[Site "chess.com INT"]
[Date "2020.07.14"]
[Round "4"]
[White "Gavilan Diaz, Mario"]
[Black "Suvrajit, Saha"]
[Result "1-0"]
[WhiteTitle "FM"]
[BlackTitle "IM"]
[WhiteElo "2278"]
[BlackElo "2198"]
[WhiteFideId "2260905"]
[BlackFideId "5002532"]
[EventDate "2020.07.14"]
[EventType "blitz"]

1. e4 c5 2. Nf3 d6 3. d4 cxd4 4. Nxd4 Nf6 5. Nc3 a6 6. Bg5 Nbd7 7. f4 h6 8. Bh4
g5 9. fxg5 hxg5 10. Bxg5 Qa5 11. Qd2 Qe5 12. Nf3 Qa5 13. O-O-O Bg7 14. Kb1 Nb6
15. e5 Be6 16. exf6 exf6 17. Be3 f5 18. Bd4 Na4 19. Nxa4 Qxa4 20. b3 Qc6 21.
Bxg7 1-0

[Event "33rd Leon Blitz Open 2020"]
[Site "chess.com INT"]
[Date "2020.07.14"]
[Round "4"]
[White "Nguyen, Hong Anh"]
[Black "Novoselski, Zoran"]
[Result "0-1"]
[WhiteTitle "WIM"]
[BlackTitle "IM"]
[WhiteElo "1970"]
[BlackElo "2318"]
[WhiteFideId "12406732"]
[BlackFideId "901970"]
[EventDate "2020.07.14"]
[EventType "blitz"]

1. d4 e6 2. c4 f5 3. g3 Nf6 4. Bg2 Be7 5. Nf3 O-O 6. O-O d6 7. Nc3 Ne4 8. Qd3
Nxc3 9. bxc3 Nc6 10. e4 e5 11. Rd1 f4 12. dxe5 dxe5 13. Qd5+ Kh8 14. a4 Bg4 15.
Rd3 Bc5 16. Bf1 Qe7 17. Ba3 Bxa3 18. Qb5 Bc5 19. Bg2 fxg3 20. hxg3 a6 21. Qxb7
Na5 22. Qb2 Nxc4 23. Qa2 Nd6 24. Qd5 Nxe4 25. Qxe4 Bf5 26. Qe2 Bxd3 27. Qxd3 e4 0-1

[Event "33rd Leon Blitz Open 2020"]
[Site "chess.com INT"]
[Date "2020.07.14"]
[Round "4"]
[White "De Abreu, Roberto N"]
[Black "Perrine, Dalton"]
[Result "0-1"]
[WhiteTitle "FM"]
[BlackTitle "FM"]
[WhiteElo "2184"]
[BlackElo "2247"]
[WhiteFideId "14307472"]
[BlackFideId "2048434"]
[EventDate "2020.07.14"]
[EventType "blitz"]

1. e4 c5 2. Nf3 e6 3. d4 cxd4 4. Nxd4 Nf6 5. Bd3 Nc6 6. Nxc6 bxc6 7. O-O d5 8.
e5 Nd7 9. Re1 g6 10. Qg4 Bg7 11. f4 Nc5 12. Be3 Nxd3 13. cxd3 Ba6 14. Bc5 Bxd3
15. Nd2 Rb8 16. b4 a5 17. Qf3 Ba6 18. a3 a4 19. g4 h5 20. h3 hxg4 21. hxg4 Qh4
22. Qg2 Qh3 23. Nf3 Kd7 24. Qxh3 Rxh3 25. Kg2 Rbh8 26. Rh1 Rxh1 27. Rxh1 Rxh1
28. Kxh1 f6 29. Bd6 Be2 30. Kg2 Bxf3+ 31. Kxf3 fxe5 32. fxe5 Bh6 0-1

[Event "33rd Leon Blitz Open 2020"]
[Site "chess.com INT"]
[Date "2020.07.14"]
[Round "4"]
[White "Djukic, Nikola"]
[Black "Sevian, Samuel"]
[Result "0-1"]
[WhiteTitle "GM"]
[BlackTitle "GM"]
[WhiteElo "2525"]
[BlackElo "2660"]
[WhiteFideId "922412"]
[BlackFideId "2040506"]
[EventDate "2020.07.14"]
[EventType "blitz"]

1. e4 e5 2. Nf3 Nc6 3. Bb5 Nf6 4. O-O d6 5. d4 Bd7 6. Nc3 exd4 7. Nxd4 Be7 8.
Re1 O-O 9. Bxc6 bxc6 10. h3 Re8 11. Bf4 Bf8 12. Qf3 Rb8 13. b3 c5 14. Nde2 Bc6
15. Ng3 Nd7 16. Nd5 Ne5 17. Qc3 g6 18. Rad1 Bg7 19. Qa5 Rb7 20. Qa6 Bxd5 21.
exd5 Rb4 22. Bd2 Rd4 23. Be3 Rxd1 24. Rxd1 Qa8 25. Nf1 h5 26. Qa4 Qc8 27. Qxa7
Nd7 28. Qa6 Qxa6 0-1

[Event "33rd Leon Blitz Open 2020"]
[Site "chess.com INT"]
[Date "2020.07.14"]
[Round "4"]
[White "Vishnu Prasanna, V"]
[Black "Le, Tuan Minh"]
[Result "0-1"]
[WhiteTitle "GM"]
[BlackTitle "IM"]
[WhiteElo "2476"]
[BlackElo "2501"]
[WhiteFideId "5030692"]
[BlackFideId "12401153"]
[EventDate "2020.07.14"]
[EventType "blitz"]

1. d4 d5 2. c4 c6 3. Nf3 Nf6 4. Nc3 a6 5. Qc2 dxc4 6. e4 b5 7. Be2 Bg4 8. e5 Nd5
9. a4 e6 10. O-O Bf5 11. Qd1 Nd7 12. axb5 axb5 13. Rxa8 Qxa8 14. Nh4 Bg6 15. f4
Be7 16. Nxg6 hxg6 17. Ne4 Qa7 18. Kh1 c5 19. dxc5 Nxc5 20. Nxc5 Qxc5 21. Bf3 O-O
22. Be4 Rd8 23. Qg4 Ne3 24. Bxe3 Qxe3 25. Bb1 Bc5 26. h4 Rd2 27. h5 gxh5 28.
Qxh5 Qe2 29. Qxe2 Rxe2 30. b3 c3 31. Bd3 Rd2 32. Bxb5 c2 0-1

[Event "33rd Leon Blitz Open 2020"]
[Site "chess.com INT"]
[Date "2020.07.14"]
[Round "4"]
[White "Shimanov, Aleksandr"]
[Black "Macovei, Andrei"]
[Result "0-1"]
[WhiteTitle "GM"]
[BlackTitle "IM"]
[WhiteElo "2593"]
[BlackElo "2453"]
[WhiteFideId "4198603"]
[BlackFideId "13904680"]
[EventDate "2020.07.14"]
[EventType "blitz"]

1. d4 Nf6 2. Nf3 d5 3. Bg5 e6 4. e3 h6 5. Bf4 Bd6 6. Nbd2 O-O 7. Bd3 c5 8. c3
Bxf4 9. exf4 b6 10. Qe2 a5 11. Ne5 Ba6 12. g4 Bxd3 13. Qxd3 Nfd7 14. h4 cxd4 15.
cxd4 Nxe5 16. fxe5 Nc6 17. a3 f6 18. Nf3 fxe5 19. Nxe5 Nxe5 20. dxe5 Rc8 21. Qg6
Qe8 22. Qxe8 Rfxe8 23. Kd2 Rc4 24. f3 Rec8 25. Rac1 Rxc1 26. Rxc1 Rxc1 27. Kxc1
g5 28. h5 Kf7 29. Kd2 Ke7 30. Kc3 Ke8 31. b4 axb4+ 32. Kxb4 Kf7 33. a4 Kg7 34.
Kb5 Kh7 35. Kxb6 d4 36. a5 d3 37. a6 d2 38. a7 d1=Q 39. a8=Q Qd4+ 40. Kc6 Qd5+ 0-1

[Event "33rd Leon Blitz Open 2020"]
[Site "chess.com INT"]
[Date "2020.07.14"]
[Round "4"]
[White "Padmini, Rout"]
[Black "Zia, Tahsin Tajwar"]
[Result "1-0"]
[WhiteTitle "IM"]
[BlackTitle "CM"]
[WhiteElo "2370"]
[BlackElo "2071"]
[WhiteFideId "5029295"]
[BlackFideId "10211888"]
[EventDate "2020.07.14"]
[EventType "blitz"]

1. e4 c5 2. Nf3 d6 3. c3 Nf6 4. Be2 Nc6 5. d4 cxd4 6. cxd4 e6 7. Nc3 Be7 8. O-O
d5 9. e5 Ne4 10. Bd3 Nxc3 11. bxc3 Qc7 12. Bd2 Bd7 13. Rc1 Ba3 14. Rb1 a6 15.
Ng5 g6 16. Qb3 Be7 17. Qxb7 Qxb7 18. Rxb7 O-O-O 19. Bxa6 Nb8 20. Rxd7+ Kxd7 21.
Bb5+ Kc7 22. Nxf7 Rhf8 23. Nxd8 Bxd8 24. c4 Nc6 25. cxd5 Nxd4 26. d6+ Kb6 27.
Bd3 Kc5 28. f4 Kd5 29. Re1 Bb6 30. Be4+ Kc4 31. Kf1 g5 32. g3 Nf5 33. Rc1+ Kd4
34. Bxf5 Rxf5 35. Ke2 gxf4 36. gxf4 Rh5 37. Be3+ Ke4 38. Bxb6 Rxh2+ 39. Bf2 1-0

[Event "33rd Leon Blitz Open 2020"]
[Site "chess.com INT"]
[Date "2020.07.14"]
[Round "4"]
[White "Skuhala, Barbara"]
[Black "Simonovic, Miroslav"]
[Result "1-0"]
[WhiteTitle "WFM"]
[BlackTitle "CM"]
[WhiteElo "2089"]
[BlackElo "2129"]
[WhiteFideId "14605465"]
[BlackFideId "919152"]
[EventDate "2020.07.14"]
[EventType "blitz"]

1. e4 c5 2. Nf3 Nc6 3. Bb5 g6 4. O-O Bg7 5. c3 e5 6. Re1 Nge7 7. d3 O-O 8. Nbd2
a6 9. Ba4 b5 10. Bc2 d5 11. exd5 Nxd5 12. Nf1 h6 13. Ne3 Nxe3 14. Bxe3 Qd6 15.
d4 cxd4 16. Be4 Bb7 17. cxd4 f5 18. Bxc6 Qxc6 19. Rc1 Qd5 20. dxe5 Qxa2 21. Rc7
Rf7 22. Rxf7 Qxf7 23. e6 Qxe6 24. Bxh6 Qd5 25. Bxg7 Kxg7 26. Qe2 Rd8 27. Qe7+
Kh6 28. h4 Rd7 29. Qg5+ Kg7 30. h5 Qd6 31. Nh4 Qc6 32. Nxf5+ Kh8 33. Re8+ Kh7
34. Qh6# 1-0

[Event "33rd Leon Blitz Open 2020"]
[Site "chess.com INT"]
[Date "2020.07.14"]
[Round "4"]
[White "Pesotskiy, Mikhail"]
[Black "Khanin, Semen"]
[Result "0-1"]
[WhiteTitle "FM"]
[BlackTitle "IM"]
[WhiteElo "2245"]
[BlackElo "2482"]
[WhiteFideId "34164453"]
[BlackFideId "4111990"]
[EventDate "2020.07.14"]
[EventType "blitz"]

1. d4 Nf6 2. c4 e6 3. Nc3 Bb4 4. Qc2 d5 5. a3 Bxc3+ 6. Qxc3 O-O 7. Bg5 Nbd7 8.
e3 b6 9. Nf3 Ba6 10. b4 Ne4 11. Bxd8 Nxc3 12. Rc1 Na2 13. Ra1 Rfxd8 14. Rxa2
Bxc4 15. Bxc4 dxc4 16. Ke2 b5 17. a4 bxa4 18. Rxa4 Nb6 19. Ra5 Nd5 20. Rc1 Rdb8
21. Rxc4 Rxb4 22. Rxb4 Nxb4 23. Ne5 f6 24. Nd3 Nd5 25. e4 Nb6 26. Rc5 Rd8 27.
Ke3 Rd7 28. Ra5 Nc4+ 0-1

[Event "33rd Leon Blitz Open 2020"]
[Site "chess.com INT"]
[Date "2020.07.14"]
[Round "4"]
[White "Jones, Gawain C B"]
[Black "Hnydiuk, Aleksander"]
[Result "1-0"]
[WhiteTitle "GM"]
[BlackTitle "IM"]
[WhiteElo "2670"]
[BlackElo "2411"]
[WhiteFideId "409561"]
[BlackFideId "1109057"]
[EventDate "2020.07.14"]
[EventType "blitz"]

1. e4 c5 2. Nc3 Nc6 3. Bb5 Nd4 4. Nf3 e6 5. O-O Ne7 6. Nxd4 cxd4 7. Ne2 a6 8.
Ba4 b5 9. Bb3 Nc6 10. d3 Be7 11. c3 dxc3 12. bxc3 O-O 13. a4 Bb7 14. axb5 axb5
15. Rxa8 Qxa8 16. Nf4 b4 17. cxb4 Bxb4 18. Bb2 Ba3 19. Ba1 Bd6 20. Nh5 e5 21.
Qg4 g6 22. Qxd7 Bc5 23. Nf6+ Kg7 24. Ng4 Bd4 25. Bxd4 Nxd4 26. Qd6 f6 27. Qe7+
Kh8 28. Nxf6 1-0

[Event "33rd Leon Blitz Open 2020"]
[Site "chess.com INT"]
[Date "2020.07.14"]
[Round "4"]
[White "Zuriel, Marisa"]
[Black "Manukian, Artak"]
[Result "0-1"]
[WhiteTitle "WIM"]
[WhiteElo "2203"]
[BlackElo "2196"]
[WhiteFideId "109142"]
[BlackFideId "13301373"]
[EventDate "2020.07.14"]
[EventType "blitz"]

1. e4 c6 2. d4 d5 3. e5 Bf5 4. Nf3 e6 5. Be2 c5 6. c3 Nc6 7. O-O Qb6 8. a3 a5 9.
b3 h6 10. Be3 g5 11. Nbd2 Rc8 12. b4 cxb4 13. axb4 axb4 14. c4 Nge7 15. c5 Qc7
16. Qb3 Bg7 17. h3 O-O 18. Rfc1 Ra8 19. g4 Bh7 20. h4 gxh4 21. Nxh4 f6 22. f4
fxe5 23. dxe5 Kh8 24. Ndf3 d4 25. Rxa8 Rxa8 26. Nxd4 Nxd4 27. Bxd4 Nd5 28. f5
Nf4 29. Qe3 Nd5 30. Qe4 b3 31. Qf3 Bxe5 32. Be3 b2 0-1

[Event "33rd Leon Blitz Open 2020"]
[Site "chess.com INT"]
[Date "2020.07.14"]
[Round "4"]
[White "Sviridova, Vlada"]
[Black "Nguyen, Thi Thanh An"]
[Result "0-1"]
[WhiteTitle "WFM"]
[BlackTitle "WGM"]
[WhiteElo "2144"]
[BlackElo "2285"]
[WhiteFideId "24109606"]
[BlackFideId "12400300"]
[EventDate "2020.07.14"]
[EventType "blitz"]

1. d4 Nf6 2. c4 g6 3. Nc3 Bg7 4. e4 d6 5. Nf3 O-O 6. Be2 e5 7. O-O Nc6 8. d5 Ne7
9. Ne1 Nd7 10. Be3 f5 11. f3 f4 12. Bf2 g5 13. Nd3 Ng6 14. c5 Nf6 15. Rc1 Rf7
16. Kh1 Bf8 17. Nb5 a6 18. Na3 g4 19. Nc4 g3 20. Bg1 gxh2 21. Bf2 Nh5 22. cxd6
Bxd6 23. Nxd6 cxd6 24. Kxh2 Ng3 25. Nxf4 exf4 26. Bxg3 fxg3+ 27. Kg1 Qh4 28. Re1
Qh2+ 0-1

[Event "33rd Leon Blitz Open 2020"]
[Site "chess.com INT"]
[Date "2020.07.14"]
[Round "4"]
[White "Sipila, Vilka"]
[Black "Bethke, Richard"]
[Result "0-1"]
[WhiteTitle "IM"]
[BlackTitle "FM"]
[WhiteElo "2402"]
[BlackElo "2332"]
[WhiteFideId "505455"]
[BlackFideId "12959243"]
[EventDate "2020.07.14"]
[EventType "blitz"]

1. d4 Nf6 2. c4 e6 3. Nc3 d5 4. cxd5 exd5 5. Bg5 c6 6. e3 Be7 7. Bd3 Nbd7 8.
Nge2 Nh5 9. Bxe7 Qxe7 10. Qc2 Nb6 11. O-O-O Be6 12. f3 O-O-O 13. g4 Nf6 14. h4
Kb8 15. Ng3 Bxg4 16. Qf2 Be6 17. e4 dxe4 18. fxe4 Bc4 19. Bc2 Ka8 20. h5 h6 21.
Nf5 Qf8 22. Rdg1 Rg8 23. Qf4 Be6 24. Nxh6 Nxe4 25. Nxg8 Nxc3 26. bxc3 Qa3+ 27.
Kd2 Nc4+ 28. Ke2 Qxc3 29. Bb1 Rxd4 30. Qc1 Rd2+ 31. Qxd2 Qxd2+ 32. Kf3 Qe3+ 33.
Kg2 Bd5+ 34. Kh2 Qf2+ 35. Rg2 Qxg2# 0-1

[Event "33rd Leon Blitz Open 2020"]
[Site "chess.com INT"]
[Date "2020.07.14"]
[Round "4"]
[White "Pon, Matt"]
[Black "Vantika, Agrawal"]
[Result "0-1"]
[WhiteTitle "FM"]
[BlackTitle "WIM"]
[WhiteElo "2185"]
[BlackElo "2286"]
[WhiteFideId "14301644"]
[BlackFideId "25050389"]
[EventDate "2020.07.14"]
[EventType "blitz"]

1. e4 c5 2. Nf3 d6 3. g3 Nf6 4. d3 g6 5. Bg2 Bg7 6. O-O O-O 7. Re1 Nc6 8. c3 e5
9. a3 h6 10. b4 a6 11. Nbd2 Be6 12. Bb2 b5 13. d4 exd4 14. cxd4 Nd7 15. Rc1 c4
16. Bc3 d5 17. e5 a5 18. bxa5 Nxa5 19. Bb4 Re8 20. Nb1 Nb3 21. Rc2 Bf8 22. Bxf8
Rxf8 23. Nfd2 Nxd4 24. Rb2 Nc5 25. Nxc4 dxc4 26. Bxa8 Nd3 27. Rd2 Qxa8 28. Re3
Nb3 29. Rc2 Rd8 30. Qf1 Nd4 0-1

[Event "33rd Leon Blitz Open 2020"]
[Site "chess.com INT"]
[Date "2020.07.14"]
[Round "4"]
[White "Demin, Vladimir"]
[Black "Rosenberg, Evan S"]
[Result "0-1"]
[WhiteTitle "IM"]
[WhiteElo "2430"]
[BlackElo "2125"]
[WhiteFideId "4167457"]
[BlackFideId "2019299"]
[EventDate "2020.07.14"]
[EventType "blitz"]

1. e4 e5 2. Nf3 Nc6 3. Bb5 a6 4. Bxc6 dxc6 5. O-O Bd6 6. d4 exd4 7. Qxd4 f6 8.
Nc3 Be6 9. Re1 Ne7 10. e5 Bxe5 11. Qb4 O-O 12. Nxe5 fxe5 13. Rxe5 Nd5 14. Qxb7
Nxc3 15. Be3 Ne2+ 16. Kh1 Bd5 17. Qb4 Qf6 18. Rg5 Rae8 19. Rg4 Rxe3 0-1

[Event "33rd Leon Blitz Open 2020"]
[Site "chess.com INT"]
[Date "2020.07.14"]
[Round "4"]
[White "Sjugirov, Sanan"]
[Black "Bykhovsky, Anatoly"]
[Result "1-0"]
[WhiteTitle "GM"]
[BlackTitle "GM"]
[WhiteElo "2675"]
[BlackElo "2496"]
[WhiteFideId "4189302"]
[BlackFideId "2806991"]
[EventDate "2020.07.14"]
[EventType "blitz"]

1. d4 Nf6 2. c4 g6 3. f3 Nc6 4. d5 Ne5 5. e4 d6 6. Nc3 Bg7 7. f4 Ned7 8. Nh3 O-O
9. Be3 e6 10. dxe6 fxe6 11. Be2 b6 12. Qc2 Bb7 13. O-O-O Qe7 14. Rhf1 a6 15. g4
Nc5 16. Nf2 Kh8 17. h4 b5 18. Bxc5 dxc5 19. e5 Ng8 20. Nfe4 b4 21. Na4 Bxe4 22.
Qxe4 Qxh4 23. Nxc5 Qe7 24. Qe3 Rad8 25. g5 a5 26. Ne4 Qf7 27. Nf6 Ne7 28. Qh3
Bxf6 29. gxf6 Nf5 30. Bg4 Nd4 31. Rxd4 Rxd4 32. Bxe6 Qe8 33. Qxh7+ Kxh7 34. Rh1# 1-0

[Event "33rd Leon Blitz Open 2020"]
[Site "chess.com INT"]
[Date "2020.07.14"]
[Round "4"]
[White "Panda, Vedic"]
[Black "Starozhilov, Leonid"]
[Result "0-1"]
[WhiteElo "2069"]
[BlackElo "2318"]
[WhiteFideId "30903416"]
[BlackFideId "14106752"]
[EventDate "2020.07.14"]
[EventType "blitz"]

1. e4 d6 2. d4 Nf6 3. Nc3 Nbd7 4. Nf3 e5 5. Be2 Be7 6. O-O O-O 7. h3 a5 8. d5
Nc5 9. Nd2 c6 10. f3 cxd5 11. exd5 Bf5 12. a4 e4 13. fxe4 Bxe4 14. Ndxe4 Nfxe4
15. Nxe4 Nxe4 16. Bd3 Nc5 17. Bc4 Bg5 18. Qg4 Bxc1 19. Rfxc1 Qf6 20. c3 Rae8 21.
Rf1 Qe5 22. b4 Qe3+ 23. Kh2 Re4 24. Rae1 Rxg4 25. Rxe3 Rxc4 26. bxc5 Rxc5 27.
Rb1 Rxd5 28. Rxb7 h5 29. Rb5 Rxb5 30. axb5 Rc8 31. b6 Rb8 32. Rd3 Rxb6 33. c4 a4
34. Ra3 Rb4 35. Rc3 0-1

[Event "33rd Leon Blitz Open 2020"]
[Site "chess.com INT"]
[Date "2020.07.14"]
[Round "4"]
[White "Tanaka, Taira Tyler"]
[Black "Srdanovic, Jovana"]
[Result "0-1"]
[WhiteTitle "CM"]
[BlackTitle "WFM"]
[WhiteElo "2107"]
[BlackElo "2070"]
[WhiteFideId "7002351"]
[BlackFideId "954810"]
[EventDate "2020.07.14"]
[EventType "blitz"]

1. e4 e6 2. d4 d5 3. Nd2 Nf6 4. Bd3 c5 5. e5 Nfd7 6. c3 Nc6 7. Ngf3 h5 8. a3 g5
9. dxc5 g4 10. Nd4 Ncxe5 11. Bb5 Bxc5 12. N2b3 Bd6 13. Qe2 a6 14. Bd3 Nxd3+ 15.
Qxd3 Ne5 16. Qe2 Bd7 17. Bf4 Qf6 18. Bg3 h4 19. Bxe5 Qxe5 20. Qxe5 Bxe5 21.
O-O-O O-O-O 22. h3 Bf4+ 23. Kb1 gxh3 24. gxh3 Rhg8 25. Rdg1 Rxg1+ 26. Rxg1 e5
27. Nf3 Rh8 28. Rh1 Bf5+ 29. Ka2 Be4 30. Rg1 Bxf3 31. Rg7 Bh5 32. Nc5 Bg6 33.
Ne6 Bh6 0-1

[Event "33rd Leon Blitz Open 2020"]
[Site "chess.com INT"]
[Date "2020.07.14"]
[Round "4"]
[White "Musovic, Armin"]
[Black "Kokarev, Dmitry"]
[Result "0-1"]
[WhiteTitle "FM"]
[BlackTitle "GM"]
[WhiteElo "2207"]
[BlackElo "2611"]
[WhiteFideId "939935"]
[BlackFideId "4132181"]
[EventDate "2020.07.14"]
[EventType "blitz"]

1. a3 g6 2. Nc3 Bg7 3. e4 c5 4. Nf3 Nc6 5. Bc4 e6 6. Ba2 Nge7 7. O-O O-O 8. Re1
d6 9. d3 a6 10. h4 h6 11. h5 g5 12. Nxg5 hxg5 13. Bxg5 Kh7 14. h6 Bxc3 15. bxc3
Rg8 16. Qh5 Rg6 17. f4 Qg8 18. Re3 f6 19. Rg3 Bd7 20. Qh4 Rf8 21. Rb1 b5 22. a4
b4 23. cxb4 cxb4 24. c3 bxc3 25. Rc1 Nd4 26. Qh5 c2 27. Kh2 fxg5 28. fxg5 Nec6
29. Bc4 a5 30. Bb5 Ne5 31. Bxd7 Nxd7 32. Re1 Ne5 33. Kh3 Nf7 34. Kh4 Rc8 35. Rc1
Rxg5 36. Re3 0-1